书目信息 |
| 题名: |
血王冠
|
|
| 作者: | 段宇宏 著 | |
| 分册: | ||
| 出版信息: | 北京 中国人民大学出版社 2017 |
|
| 页数: | 431页, [8] 页图版 | |
| 开本: | 22cm | |
| 丛书名: | ||
| 单 册: | ||
| 中图分类: | K561.32 | |
| 科图分类: | ||
| 主题词: | 玫瑰战争--mei gui zhan zheng--史料 | |
| 电子资源: | ||
| ISBN: | 978-7-300-23182-2 | |
| 000 | 01409nam0 2200289 450 | |
| 001 | 012017000084 | |
| 005 | 20180111085605.59 | |
| 010 | @a978-7-300-23182-2@b精装@dCNY59.00 | |
| 100 | @a20161229d2017 em y0chiy0121 ea | |
| 101 | 0 | @achi |
| 102 | @aCN@b110000 | |
| 105 | @aabcfa 000yy | |
| 106 | @ar | |
| 200 | 1 | @a血王冠@Axue wang guan@e玫瑰战争@d= The wars of the roses@f段宇宏著@g@zeng |
| 210 | @a北京@c中国人民大学出版社@d2017 | |
| 215 | @a431页, [8] 页图版@c图 (部分彩图), 地图, 肖像@d22cm | |
| 314 | @a段宇宏, 《凤凰周刊》主笔, 腾讯大家和百度百家的专栏作家。从小很大的爱好就是阅读和钻研国内外各门类历史, 早年曾在《新京报》等多家媒体担任过时政记者、编辑工作, 后从事国际政治、港澳台和历史领域的深度策划与报道工作。 | |
| 320 | @a有书目 | |
| 330 | @a玫瑰战争的起源与英法百年战争结局导致的外交与内政矛盾紧密关联, 它不仅是争夺王位的英格兰内战, 也是一场地缘政治较量, 周边多个国家和地区的王公贵族皆卷入其中参与角逐。残酷无情的军事斗争背后, 是权力的诱惑, 金钱的较量, 每个家族都尽量追求利益之很大化, 决定着军政博弈中的结盟与敌对、忠诚与背叛、热爱与憎恶。战争与金钱, 亦无意中成为推动宪政和议会发展的重要因素。 | |
| 510 | 1 | @aWars of the roses@zeng |
| 517 | 1 | @a玫瑰战争@Amei gui zhan zheng |
| 606 | 0 | @a玫瑰战争@Amei gui zhan zheng@x史料 |
| 690 | @aK561.32@v5 | |
| 701 | 0 | @a段宇宏@Aduan yu hong@4著 |
| 801 | 0 | @aCN@b湖北三新@c20170207@g |
| 905 | @aBZT@dK561.32@e1 | |
| 906 | @dCNY59.00@n5@r1 | |
| 血王冠:玫瑰战争= The wars of the roses/段宇宏著.-北京:中国人民大学出版社,2017 |
| 431页, [8] 页图版:图 (部分彩图), 地图, 肖像;22cm |
| ISBN 978-7-300-23182-2(精装):CNY59.00 |
| 玫瑰战争的起源与英法百年战争结局导致的外交与内政矛盾紧密关联, 它不仅是争夺王位的英格兰内战, 也是一场地缘政治较量, 周边多个国家和地区的王公贵族皆卷入其中参与角逐。残酷无情的军事斗争背后, 是权力的诱惑, 金钱的较量, 每个家族都尽量追求利益之很大化, 决定着军政博弈中的结盟与敌对、忠诚与背叛、热爱与憎恶。战争与金钱, 亦无意中成为推动宪政和议会发展的重要因素。 |
| ● |
| 相关链接 |
|
|
|
正题名:血王冠
索取号:K561.32/1
 
预约/预借
| 序号 | 登录号 | 条形码 | 馆藏地/架位号 | 状态 | 备注 |
| 1 | 845350 | 2000845350 | 第二书库/ [索取号:K561.32/1] | 在馆 | |
| 2 | 845351 | 2000845351 | 第二书库/ [索取号:K561.32/1] | 在馆 | |
| 3 | 845352 | 2000845352 | 第二书库/ [索取号:K561.32/1] | 在馆 | |
| 4 | 845353 | 2000845353 | 第二书库/ [索取号:K561.32/1] | 在馆 | |
| 5 | 845354 | 2000845354 | 第二书库/ [索取号:K561.32/1] | 在馆 |